000
00258nam a2200109Ia 4500
008
200302s9999 xx 000 0 und d
100
_a
Stuart E. Jacobson
245
_a
The Art of Giving
260
_b
Harry N. Abrams, Inc.
260
_c
1987
300
_a
216 P.,
999
_c
1308
_d
1308